Les montagnes du massif central: espaces pastoraux et transformation du milieu rural dans les monts d'Auvergne

Saved in:
Bibliographic Details
Main Author: Bordessoule, Eric (Author)
Format: Book
Language:French
Published: Clermont-Ferrand Université Blaise Pascal 2001
Series:Ceramac, 17
Subjects:
Tags: Add Tag
No Tags, Be the first to tag this record!

MARC

LEADER 00000nam a2200000 a 4500
001 UCL8317
003 CL-VaPUC
008 040618e20010000fr |||||||||||||||||fre|d
020 |a 2845161662 
082 0 4 |a 551.432  |b BOR  |2 21 
100 0 |a Bordessoule, Eric  |e author  |9 486244 
245 1 4 |a Les montagnes du massif central: espaces pastoraux et transformation du milieu rural dans les monts d'Auvergne 
300 |a 369 p 
942 |c BK 
945 |d 20040618 00:00:00  |a cmena 
260 |a Clermont-Ferrand  |b Université Blaise Pascal  |c 2001 
650 0 |a Geomorfología   |9 261377 
650 7 |a MONTAÑAS  |2 CL-VaPUC  |9 351402 
650 7 |a USO DE SUELOS  |2 CL-VaPUC  |9 475258 
650 0 |a Ganadería  |9 264177 
650 0 |a Zonas rurales  |9 317366 
583 |a last modification  |c 20171220 05:29:30  |k Rodrigo Vera 
490 0 |a Ceramac, 17 
999 |c 309664  |d 309662 
952 |0 0  |1 0  |4 0  |6 551_432000000000000_BOR_2001  |7 0  |8 A  |9 377309  |a BIBING  |b BIBING  |d 2019-11-21  |i 4000129  |o 551.432 BOR 2001  |p 4000129  |r 2025-01-20  |w 2019-11-21  |y BK  |k GEO